| 000 -LEADER |
| fixed length control field |
00891nam a22000977a 4500 |
| 008 - FIXED-LENGTH DATA ELEMENTS--GENERAL INFORMATION |
| fixed length control field |
181210b ||||| |||| 00| 0 eng d |
| 100 ## - MAIN ENTRY--AUTHOR'S NAME |
| Author's Name |
Pauk, Bohdan |
| 245 ## - TITLE STATEMENT |
| Title |
Belarus, |
| Remainder of title |
a catalog-checklist of national and local postage stamp issues including foreign administrative issues of 1916-1920 and 1941-1944 |
| 260 ## - PUBLICATION, DISTRIBUTION, ETC. (IMPRINT) |
| Place of publication, distribution, etc. |
Westchester, IL |
| Name of publisher, distributor, etc. |
The Author, Director, Ukrainian Philatelic Resources |
| Date of publication, distribution, etc. |
1996 |
| 650 ## - TOPICAL TERM (Tag) |
| Topical term or geographic name |
Russia -- White Russia | White Russian Corps (1920) | Russia (-1917) | Union of Soviet Socialist Republics (1917-1991) | Belarus (1992- ) | Ukraine (1918-1924) | Polish Administration | Poland (1918-) | Lithuania (1918-1940) | Central Lithuania (1920-1922) | Overprints and Surcharges | Provisionals and Forerunners | Occupation Issues 1916-1920 | 1941-1944 | World War I, 1914-1918 | World War II, 1939-1945 | Locals and Private Posts | Cinderella Material | Germany -- Occupation of Russia |